000 003410000a22001570004500
003 MACL
040 _aMACL
090 _c32131
_d32129
100 _aGupta, Sanjeev
245 _aObjective Physics
260 _bJai Prakash Nath Publications
_c1994
350 _a70
650 _aPhysics
942 _cBOOK
_k530/GUP
951 _o530/GUP BOOK
999 _c31805
_d31805